000 00339nam a2200145 i 4500
001 bg
100 1 _aBOGUŚ, Zenon
245 0 _aPodstawy sterowania cyfrowego /
_cZ. Boguś.
260 _aGdańsk,
_c1990.
040 _cBPK
041 _apol
080 _a681.5:681.32](075.8)
942 _cKS
008 s pl f |000 0 pol
999 _c4275
_d4275
856 _uhttp://koha.tu.koszalin.pl/cgi-bin/koha/opac-detail.pl?biblionumber=4275
_yKatalog online BPK